Statistiken für Nächste Hauptstädte

Klicken Sie hier um das Quiz zu spielen!

Allgemein

  • Dieses Quiz wurde 211 mal gespielt
  • Das Durchschnittsergebnis liegt bei 13 aus 20

Antwortstatistiken

StadtHauptstadt% Korrekt
EdinburghDublin
94%
FrankfurtLuxemburg
88%
DresdenPrag
83%
MarseilleMonaco
79%
St PetersburgHelsinki
75%
SevillaLissabon
75%
BarcelonaAndorra la Vella
72%
GöteborgKopenhagen
71%
DortmundAmsterdam
70%
VenedigLjubljana
66%
FlorenzSan Marino
65%
StraßburgBern
64%
CalaisLondon
63%
NürnbergPrag
63%
MailandVaduz
61%
GenfBern
60%
PalermoValletta
59%
SalzburgLjubljana
37%
DubrovnikPodgorica
37%
TórshavnReykjavík
34%

Verteilung der Resultate

Perzentil nach korrekt beantworteten Fragen

Anzahl Personen mit jedem Resultat

Ihre Resultats-Entwicklung

Sie haben dieses Quiz noch nicht gespielt